| 000 | 00422nam a2200169Ia 4500 | ||
|---|---|---|---|
| 008 | 230524s9999 xx 000 0 und d | ||
| 020 | _a9789387067844 | ||
| 082 |
_a621.3815 _bRAZ |
||
| 100 | _aBehzad Razavi | ||
| 245 | 0 | _aDesign of Analog CMOS:Integrated Circuits | |
| 250 | _a2 | ||
| 260 |
_aChennai _bMGH _c2018 |
||
| 300 | _a"xviii,782p;" | ||
| 500 | _aQuantity Number: 5 | ||
| 650 | _aElectronics | ||
| 942 | _cBK | ||
| 999 |
_c59862 _d59862 |
||